UBT Library

The English philosophers : (Record no. 39000)

000 -LEADER
fixed length control field 00529cam a22001931 4500
001 - CONTROL NUMBER
control field 274718
005 - DATE AND TIME OF LATEST TRANSACTION
control field 20171215052307.0
008 - FIXED-LENGTH DATA ELEMENTS--GENERAL INFORMATION
fixed length control field 730522s1939 nyu 000 0 eng
010 ## - LIBRARY OF CONGRESS CONTROL NUMBER
LC control number 39027818
040 ## - CATALOGING SOURCE
Original cataloging agency DLC
Transcribing agency DLC
Modifying agency DLC
041 ## - LANGUAGE CODE
Language code of text/sound track or separate title eng
080 ## - UNIVERSAL DECIMAL CLASSIFICATION NUMBER
Universal Decimal Classification number 192.0822 EDW
082 00 - DEWEY DECIMAL CLASSIFICATION NUMBER
Classification number 192.0822 EDW
100 1# - Rafti
Rafti 24
101 ## - Shkurtesa
Shkurtesa MJE
245 14 - TITLE STATEMENT
Title The English philosophers :
Statement of responsibility, etc edited, with an introduction, by Edwin A. Burtt.
906 ## - LOCAL DATA ELEMENT F, LDF (RLIN)
a 7
b cbc
c orignew
d u
e ocip
f 19
g y-gencatlg
942 ## - ADDED ENTRY ELEMENTS (KOHA)
Source of classification or shelving scheme
Item type Books
Holdings
Withdrawn status Lost status Source of classification or shelving scheme Damaged status Not for loan Permanent location Current location Date acquired Total Checkouts Full call number Barcode Date last seen Price effective from Koha item type
          UBT - Lipjan UBT - Lipjan 12/15/2017   192.0822 EDW 002-2939141 12/15/2017 12/15/2017 Books
UBT Library © 2015-2024. All rights reserved University Education for Business and Technology